000 00684nam a2200229 a 4500
999 _c1182
_d1182
001 1182
003 BD-JhCC
005 20180527134139.0
008 171016s1999 b ||||| |||| 00| 0 ben d
020 _a9848160671
035 _a(BD-JhCC)1182
040 _aBD-JhCC
_dBD-JhCC
041 _aben
082 _222
_a923.1
_bOMO 1999
245 _aঅমর্ত্য সেন ও বাংলাদেশ /
_cসম্পাদনায় শফি আহমেদ
260 _aঢাকা :
_bঅন্যপ্রকাশ,
_c১৯৯৯
300 _a144 p. :
_c22cm.
650 _aBiography
700 _aআহমেদ, শফি
942 _2ddc
_cBK